| 000 | 00386nam a22001697a 4500 | ||
|---|---|---|---|
| 005 | 20160624142827.0 | ||
| 008 | 160624b xxu||||| |||| 00| 0 eng d | ||
| 020 | _a91-7446-213-9 | ||
| 041 | _aeng | ||
| 082 | _b9926 | ||
| 100 |
_aRao, U.S.P. _92385 |
||
| 245 | _aHuman Resource Management | ||
| 260 |
_bExcel book _c2002 |
||
| 300 | _a618 | ||
| 650 |
_aManagement _9241 |
||
| 942 | _cBK | ||
| 999 |
_c3870 _d3869 |
||